000
00208 a2200097 4500
001
1185
100
_a
Kemp, P.
245
_a
Alternating cweent electical engg
260
_a
_b
Macmillan
_c
090
_c
747
_d
747
942
_a
NUST-CAE
_c
M
_c
34122
999
_c
236258
_d
236258